Villes de la Haute-Vienne en images - Statistiques

Statistiques générales
  • Ce quiz a été pris 84 fois
  • Le résultat moyen est 11 sur 18
Statistiques - réponses
Par images Hint Réponse % Correct
L Limoges
100%
OsG Oradour-sur-Glane
97%
SJ Saint-junien
88%
R Rochechouart
70%
SLdN Saint-Léonard-de-Noblat
69%
B Bellac
67%
A(L)P Arnac-la-poste
66%
SP(L)L Saint-Pardoux-le-Lac
63%
AsV Aixe-sur-Vienne
59%
SY(L)P Saint-Yrieix-la-Perche
55%
P Panazol
48%
BsG Bessines-sur-Gartempe
47%
E Eymoutiers
47%
(L)D Le Dorat
47%
A Ambazac
42%
SJ(L)M Saint-Just-le-Martel
34%
C Châlus
31%
N Nexon
30%
Aucun quiz correspondant
Distribution des résultats
% des personnes avec chaque résultat
Percentile par nombre de réponses
Votre historique - résultats
Vous n’avez pas pris ce quiz